| 000 | 00412nam a2200157 i 4500 | ||
|---|---|---|---|
| 001 | 74878 | ||
| 003 | ES-MaACL | ||
| 005 | 20230906172256.0 | ||
| 007 | t| | ||
| 008 | 040921s1976 sp ||||1| cat d | ||
| 100 | 1 |
_aGouzy, Jep. _959380 |
|
| 245 | 1 | 3 |
_aEl violoncel amarg _b: poemes / _cJep Gouzy. |
| 260 |
_aBarcelona : _bBarcino, _c20 cm. |
||
| 300 |
_a120 p. ; _c20 cm. |
||
| 852 |
_aES-MaACL _jA-6953 _bR.95738 |
||
| 999 |
_c74878 _d74878 |
||